000 00558nam a22001937a 4500
003 0
005 20230926120851.0
008 230926b xxu||||| |||| 00| 0 eng d
020 _a978-1-64728-418-3
050 _aQA 303.2
_b.M33 2023
100 _aMadden, Travis
245 _aCalculus : an introduction
_cTravis Madden
260 _aNew York
_bWillford Press
_cc2023.
300 _avi, 228 pages :
_bcol. ill. ;
_c26 cm.
500 _aCalculus.
504 _aIncludes bibliographical references and index.
650 _aCalculus.
942 _2lcc
_cBK
999 _c365410
_d365410